Guess the Football Club Part 1 - Statistics

General Stats
  • This quiz has been taken 2,660 times
  • The average score is 14 of 16
Answer Stats
Picture Answer % Correct
Paris Saint-Germain
99%
FC Barcelona
98%
Liverpool
98%
Atlético Madrid
96%
AS Roma
95%
Borussia Dortmund
95%
Manchester United
95%
Chelsea
93%
Arsenal
92%
Sporting Clube de Portugal
92%
FC Bayern München
91%
Real Madrid
84%
Lazio
83%
Valencia CF
77%
Club América
62%
São Paulo FC
59%
No matching quizzes found
Score Distribution
Percent of People with Each Score
Percentile by Number Answered
Your Score History
You have not taken this quiz